LEADER 01295nam a2200301 i 4500 001 991001492469707536 008 111121m20082009de | b 001 0 eng d 020 $a9783110180435 (vol. 1) 020 $a9783110207330 (vol. 2) 035 $ab14023167-39ule_inst 040 $aDip.to Lingue$bita 245 00$aCorpus Linguistics :$bAn international handbook /$cedited by Anke Lüdeling and Merja Kytö 260 $aBerlin ;$aNew York :$bWalter de Gruyter,$cc2008-2009 300 $av. 2 ;$c25 cm 440 $aHandbücher zur Sprach- und Kommunikationswissenschaft ;$v29.1-29.2 440 $aHandbooks of linguistics and communication science ;$v29.1-29.2 504 $aContiene riferimenti bibliografici ed indice 650 4$aCorpora (Linguistica) 650 4$aLinguistica computazionale 700 1 $aLüdeling, Anke 700 1 $aKytö, Merja 907 $a.b14023167$b02-04-14$c21-11-11 912 $a991001492469707536 945 $aLE012 410 LUD 1.1$cvol. 1$g1$i2012000448353$lle012$o-$pE0.00$q-$rl$s- $t0$u0$v0$w0$x0$y.i1534888x$z21-11-11 945 $aLE012 410 LUD 1.2$cvol. 2$g1$i2012000448346$lle012$o-$pE0.00$q-$rl$s- $t0$u0$v0$w0$x0$y.i15348891$z21-11-11 996 $aCorpus Linguistics$9243175 997 $aUNISALENTO 998 $ale012$b21-11-11$cm$da $e-$feng$gde $h0$i0